International entrepreneurship : (Record no. 9711)
[ view plain ]
| 000 -LEADER | |
|---|---|
| fixed length control field | 00887cam a2200241 a 4500 |
| 001 - CONTROL NUMBER | |
| control field | 15415797 |
| 005 - DATE AND TIME OF LATEST TRANSACTION | |
| control field | 20260428165808.0 |
| 008 - FIXED-LENGTH DATA ELEMENTS--GENERAL INFORMATION | |
| fixed length control field | 080818s2010 caua b 001 0 eng |
| 020 ## - INTERNATIONAL STANDARD BOOK NUMBER | |
| International Standard Book Number | 9781412957984 |
| Qualifying information | pbk. : alk. paper |
| 020 ## - INTERNATIONAL STANDARD BOOK NUMBER | |
| International Standard Book Number | 1412957982 |
| Qualifying information | pbk. : alk. paper |
| 050 00 - LIBRARY OF CONGRESS CALL NUMBER | |
| Classification number | HB615 |
| Item number | .H576 2010 |
| 082 00 - DEWEY DECIMAL CLASSIFICATION NUMBER | |
| Classification number | 658/.049 |
| Edition information | 22 |
| 100 1# - MAIN ENTRY--PERSONAL NAME | |
| Personal name | Hisrich, Robert D. |
| 245 10 - TITLE STATEMENT | |
| Title | International entrepreneurship : |
| Remainder of title | starting, developing, and managing a global venture / |
| Statement of responsibility, etc. | Robert D. Hisrich. |
| 260 ## - PUBLICATION, DISTRIBUTION, ETC. | |
| Place of publication, distribution, etc. | Los Angeles : |
| Name of publisher, distributor, etc. | SAGE, |
| Date of publication, distribution, etc. | c2010. |
| 300 ## - PHYSICAL DESCRIPTION | |
| Extent | xiii, 623 p. : |
| Other physical details | ill. ; |
| Dimensions | 26 cm. |
| 650 #0 - SUBJECT ADDED ENTRY--TOPICAL TERM | |
| Topical term or geographic name entry element | Entrepreneurship. |
| 650 #0 - SUBJECT ADDED ENTRY--TOPICAL TERM | |
| Topical term or geographic name entry element | International business enterprises. |
| 650 #0 - SUBJECT ADDED ENTRY--TOPICAL TERM | |
| Topical term or geographic name entry element | Entrepreneurship |
| Form subdivision | Case studies. |
| 650 #0 - SUBJECT ADDED ENTRY--TOPICAL TERM | |
| Topical term or geographic name entry element | International business enterprises |
| Form subdivision | Case studies. |
| 856 41 - ELECTRONIC LOCATION AND ACCESS | |
| Materials specified | Table of contents only |
| Uniform Resource Identifier | <a href="http://www.loc.gov/catdir/toc/ecip0826/2008034488.html">http://www.loc.gov/catdir/toc/ecip0826/2008034488.html</a> |
| 942 ## - ADDED ENTRY ELEMENTS (KOHA) | |
| Source of classification or shelving scheme | Library of Congress Classification |
| Koha item type | Books |
| Suppress in OPAC | No |
| 999 ## - | |
| -- | 9711 |
| -- | 9711 |
| Withdrawn status | Lost status | Source of classification or shelving scheme | Damaged status | Not for loan | Collection | Home library | Current library | Shelving location | Date acquired | Total checkouts | Full call number | Barcode | Date last seen | Copy number | Price effective from | Koha item type |
|---|---|---|---|---|---|---|---|---|---|---|---|---|---|---|---|---|
| Library of Congress Classification | Non-fiction | Main Library (Kumasi) | Main Library (Kumasi) | General stacks | 04/28/2026 | HB615.H576 HIS | bssk00000267 | 04/28/2026 | 1 | 04/28/2026 | Books | |||||
| Library of Congress Classification | Non-fiction | Main Library (Kumasi) | Main Library (Kumasi) | General stacks | 04/28/2026 | HB615.H576 HIS | bssk00000268 | 04/28/2026 | 2 | 04/28/2026 | Books |